000 01074nam a2200229Ia 4500
001 L130-908
003 IT-CnALBA
008 170116s9999||||xx |||||||||||||| ||und||
040 _aIT-CnALBA
_cIT-CnALBA
041 _aITALIANO
100 _aHUXLEY ALDUS
245 0 _aDIAVOLI (I) DI LOUDUN
250 _a1a ed.
260 _aMILANO - VERONA
_bMONDADORI ARNOLDO. EDIT.
_c1968 [1° Ed.:1960 - Ed.Ling.Originale: 1952]
300 _a320 p.
500 _aTRADUZIONE DI SAUTTO LIDIA. FANATISMO SUPERSTIZIONE INTRIGHI POLITICA NELLA VICENDA DI MONACHE STREGATE E OSSESSE. IL ROMANZO ÈAMBIENTATO NEL TEMPO DI LUIGI XIII E RICHELIEU. INQUISIZIONE.
501 _aSocietà San Paolo EM - Piazza San Paolo, 14 - 12051 ALBA (CN) (non commercial uses only) ® Copyright 2017
520 _aTRADUZIONE DI SAUTTO LIDIA. FANATISMO SUPERSTIZIONE INTRIGHI POLITICA NELLA VICENDA DI MONACHE STREGATE E OSSESSE. IL ROMANZO ÈAMBIENTATO NEL TEMPO DI LUIGI XIII E RICHELIEU. INQUISIZIONE.
650 _aPSICOLOGIA POPOL. PARAPSICOL. OCCULTIS
942 _cBK
957 _71
999 _a1001
_bNO
_g Copie: 1
_c260138
_d260138